<?xml version="1.0" encoding="UTF-8"?>
<record
    xmlns:xsi="http://www.w3.org/2001/XMLSchema-instance"
    xsi:schemaLocation="http://www.loc.gov/MARC21/slim http://www.loc.gov/standards/marcxml/schema/MARC21slim.xsd"
    xmlns="http://www.loc.gov/MARC21/slim">

  <leader>00649nam a2200169 a 4500</leader>
  <controlfield tag="001">1557</controlfield>
  <controlfield tag="003">CDMR</controlfield>
  <controlfield tag="005">20130715112149.0</controlfield>
  <controlfield tag="008">130130s19741976||||||||||||||||||||||||d</controlfield>
  <datafield tag="040" ind1=" " ind2=" ">
    <subfield code="a">CDMR</subfield>
    <subfield code="b">cat</subfield>
    <subfield code="c">CDMR</subfield>
  </datafield>
  <datafield tag="100" ind1="1" ind2=" ">
    <subfield code="a">Valles, Edmon</subfield>
    <subfield code="9">1164</subfield>
  </datafield>
  <datafield tag="245" ind1="1" ind2="0">
    <subfield code="a">Hist&#xF2;ria gr&#xE0;fica de la Catalunya contempor&#xE0;nia</subfield>
    <subfield code="b">: 1888-1931</subfield>
    <subfield code="c">Edmon Vall&#xE8;s</subfield>
  </datafield>
  <datafield tag="260" ind1=" " ind2=" ">
    <subfield code="a">Barcelona</subfield>
    <subfield code="c">1974-1976</subfield>
    <subfield code="b">Edicions 62</subfield>
  </datafield>
  <datafield tag="300" ind1=" " ind2=" ">
    <subfield code="a">3 v.</subfield>
  </datafield>
  <datafield tag="505" ind1=" " ind2=" ">
    <subfield code="a">Cont&#xE9;: 1.- De l'Exposici&#xF3; Universal a Solidaritat Catalana :  1888/1907 ; 2.- De Solidaritat Catalana a la Mancomunitat : 1908/1916 ; 3.- De l'Assemblea de Parlamentaris al 14 d'abril de 1931 : 1917/1931</subfield>
  </datafield>
  <datafield tag="942" ind1=" " ind2=" ">
    <subfield code="c">MON</subfield>
    <subfield code="2">udc</subfield>
  </datafield>
  <datafield tag="999" ind1=" " ind2=" ">
    <subfield code="c">1557</subfield>
    <subfield code="d">1557</subfield>
  </datafield>
  <datafield tag="952" ind1=" " ind2=" ">
    <subfield code="0">0</subfield>
    <subfield code="1">0</subfield>
    <subfield code="4">0</subfield>
    <subfield code="7">0</subfield>
    <subfield code="8">REF</subfield>
    <subfield code="a">CDMR</subfield>
    <subfield code="b">CDMR</subfield>
    <subfield code="d">2013-01-16</subfield>
    <subfield code="l">0</subfield>
    <subfield code="o">Al</subfield>
    <subfield code="p">Al746380201301161256</subfield>
    <subfield code="r">2013-01-16</subfield>
    <subfield code="t">Vol. 1</subfield>
    <subfield code="w">2013-01-16</subfield>
    <subfield code="y">REF</subfield>
  </datafield>
  <datafield tag="952" ind1=" " ind2=" ">
    <subfield code="0">0</subfield>
    <subfield code="1">0</subfield>
    <subfield code="4">0</subfield>
    <subfield code="7">0</subfield>
    <subfield code="8">REF</subfield>
    <subfield code="a">CDMR</subfield>
    <subfield code="b">CDMR</subfield>
    <subfield code="d">2013-01-16</subfield>
    <subfield code="l">0</subfield>
    <subfield code="o">Al</subfield>
    <subfield code="p">Al867884201301161256</subfield>
    <subfield code="r">2013-01-16</subfield>
    <subfield code="t">Vol. 2</subfield>
    <subfield code="w">2013-01-16</subfield>
    <subfield code="y">REF</subfield>
  </datafield>
  <datafield tag="952" ind1=" " ind2=" ">
    <subfield code="0">0</subfield>
    <subfield code="1">0</subfield>
    <subfield code="4">0</subfield>
    <subfield code="7">0</subfield>
    <subfield code="8">REF</subfield>
    <subfield code="a">CDMR</subfield>
    <subfield code="b">CDMR</subfield>
    <subfield code="d">2013-01-16</subfield>
    <subfield code="l">0</subfield>
    <subfield code="o">Al</subfield>
    <subfield code="p">Al617606201301161256</subfield>
    <subfield code="r">2013-01-16</subfield>
    <subfield code="t">Vol. 3</subfield>
    <subfield code="w">2013-01-16</subfield>
    <subfield code="y">REF</subfield>
  </datafield>
</record>
